| 000 | 00988naa a22003017a 4500 | ||
|---|---|---|---|
| 001 | BR6009999 | ||
| 003 | BR-BrBNA | ||
| 005 | 20240918173135.0 | ||
| 007 | ta | ||
| 008 | 230509b bl.||||| |||| 00| 0 por d | ||
| 040 |
_aBR-BrBNA _bpor _cBiblioteca Nacional de Agricultura |
||
| 041 | _a(Pt) | ||
| 072 |
_aE50 _b/G514 |
||
| 090 | _aE50 BR6009999 | ||
| 100 | 1 | _aCarvalho, M.R. de | |
| 111 | 1 |
_aSemana Ruralista de Juazeiro _cJuazeiro, CE (Brazil) _d22 Jul 1935 |
|
| 245 | 1 | _aProblemas sanitarios do setor sul do Ceara [Brasil] | |
| 260 | 3 |
_aFortaleza, CE (Brasil): _c1938. |
|
| 500 | _aAnais da Semana Ruralista de Juazeiro Fortaleza, CE (Brasil): 1938. p. 73-81 (BR6009999-AM)E50 | ||
| 650 | _aSociologia rural | ||
| 650 | _aSaude | ||
| 650 | _aHigiene | ||
| 650 | _aHabitacao | ||
| 650 | _aCeara | ||
| 773 | 0 |
_tAnais da Semana Ruralista de Juazeiro _wE50 BR6009999 _gFortaleza, CE (Brasil), 1938. p. 73-81 |
|
| 909 |
_a202404 _bLucia _c55 _dLucia Elande |
||
| 942 |
_cAM _2AGRIS |
||
| 999 |
_c303080 _d303080 |
||